| 000 | 00708nai a22002057a 4500 | ||
|---|---|---|---|
| 003 | OSt | ||
| 005 | 20170602112453.0 | ||
| 008 | 170321b xxu||||| |||| 00| 0 eng d | ||
| 022 | _a07977-888X | ||
| 040 |
_aBMC _cBMC |
||
| 082 | _a338.1 | ||
| 245 | 0 | 0 |
_aBiodiversidad, sustento y culturas _b: julio _cRamón Vera Herrera, edición |
| 260 |
_aBarcelona _bREDES-AT _bGRAIN _c2008 |
||
| 300 |
_a36 p. _c28 cm |
||
| 490 |
_aRedes, amigos de la tierra _v57 |
||
| 505 | _aContiene: El negocio de matar de hambre.- El principal problema ambiental que padecemos es el capitalismo.- Los nuevos especuladores.- | ||
| 650 | 2 | 4 |
_96390 _aAgricultura integrada |
| 700 | 1 |
_940898 _aVera Herrera, Ramón |
|
| 942 |
_2ddc _cPR |
||
| 999 |
_c27456 _d27456 |
||